000 00468nam a2200193 a 4500
999 _c14470
_d14470
001 14470
003 Mx-PuUPA
005 20190815154014.0
008 140415s1995 000 0 spa d
020 _a9682985218
040 _cMx-PuUPA
041 _aspa
082 _a001.44
_bPRE
245 0 0 _aPREMIO NACIONAL DE CIENCIAS Y ARTES 1994
260 _a[s.l.] :
_bSEP,
_c1995
300 _a101
650 1 4 _aPREMIOS
_xNACIONAL DE CIENCIAS Y ARTES
942 _2ddc
_cLI